Kandidátske krajiny EÚ
Z obsahu: Únia sa rozrastie o pestré spoločenstvo krajín. Obor regiónu sa borí s ťažkosťami (Poľsko). Česká koncepcia štátu blahobytu je drahá. Maďarská ekonomika rastie najmä vďaka domácej spotrebe.
Gespeichert in:
| 1. Verfasser: | |
|---|---|
| Format: | Buchkapitel |
| Sprache: | Slowakisch |
| Schlagworte: | |
| Tags: |
Keine Tags, Fügen Sie das erste Tag hinzu!
|
MARC
| LEADER | 00000naa a2200000 4500 | ||
|---|---|---|---|
| 001 | r047800 | ||
| 005 | 20230921114708.7 | ||
| 041 | 0 | |a slo | |
| 044 | |a SK | ||
| 245 | 1 | 0 | |a Kandidátske krajiny EÚ |c Roman Schönwiesner |
| 520 | |a Z obsahu: Únia sa rozrastie o pestré spoločenstvo krajín. Obor regiónu sa borí s ťažkosťami (Poľsko). Česká koncepcia štátu blahobytu je drahá. Maďarská ekonomika rastie najmä vďaka domácej spotrebe. | ||
| 610 | 2 | 0 | |a integrácia ekonomická medzinárodná |
| 610 | 2 | 0 | |a Európska únia |
| 610 | 2 | 0 | |a Poľsko |
| 610 | 2 | 0 | |a nezamestnanosť |
| 610 | 2 | 0 | |a Česko |
| 610 | 2 | 0 | |a štát blahobytu |
| 610 | 2 | 0 | |a Maďarsko |
| 610 | 2 | 0 | |a rast hospodársky |
| 610 | 2 | 0 | |a spotreba |
| 100 | 1 | |a Schönwiesner, Roman | |